Mizaj Shinas-E-Rasool (Record no. 1957)

MARC details
000 -LEADER
fixed length control field 00642nam a2200265 a 4500
020 ## - INTERNATIONAL STANDARD BOOK NUMBER
ISBN
082 00 - DEWEY DECIMAL CLASSIFICATION NUMBER
Classification number 297.8
Author Cutter PAR
100 ## - MAIN ENTRY--AUTHOR NAME
Author name Paewez, Ghulam Ahmed
245 ## - TITLE STATEMENT
Title Mizaj Shinas-E-Rasool
260 ## - PUBLICATION, DISTRIBUTION, ETC. (IMPRINT)
Place of publication Delhi
Name of publisher Aastana Book Depot
Year of publication 1956
300 ## - PHYSICAL DESCRIPTION
Number of Pages 448p
500 ## - GENERAL NOTE
General note includes index and biblioraphy
505 2# - FORMATTED CONTENTS NOTE
Formatted contents note Turkish
650 ## - SUBJECT ADDED ENTRY--TOPICAL TERM
Topical Term Jamaat-E-Islami-Criticism
650 ## - SUBJECT ADDED ENTRY--TOPICAL TERM
Topical Term Islam-Sects
650 ## - SUBJECT ADDED ENTRY--TOPICAL TERM
Topical Term Ahl-E-Quran
942 ## - ADDED ENTRY ELEMENTS (KOHA)
Koha item type Books
700 1# -
-- Paewez, Ghulam Ahmed
Holdings
Collection code Home library Current library Date acquired Cost, normal purchase price Full call number Accession Number Koha item type
  Henry Martyn Institute Library Henry Martyn Institute Library 06/26/2007 4.00 297.8 PAR 02103 Books
                   Copyright © 2026 | Henry Martyn Institute | Hyderabad | TS-500052 | INDIA | Implemented by hmi.edu.in
Hit-Count:

Powered by Koha